Top 20 österreichische "-dorf" Gemeinden - Statistiken

Allgemein
  • Dieses Quiz wurde 45 mal gespielt
  • Das Durchschnittsergebnis liegt bei 5 aus 20
Antwortstatistiken
Bevölkerung Dorf % Korrekt
11.832 Gänserndorf
68%
14.978 Perchtoldsdorf
47%
11.740 Groß-Enzersdorf
44%
9.310 Wiener Neudorf
38%
8.084 Langenzersdorf
35%
9.890 Purkersdorf
35%
11.422 Ebreichsdorf
32%
11.666 Gerasdorf
29%
9.152 Guntramsdorf
29%
9.076 Berndorf
26%
7.572 Vorchdorf
24%
8.659 Maria Enzersdorf
18%
11.072 Gleisdorf
15%
7.373 Vösendorf
15%
8.859 Engerwitzdorf
12%
7.342 Wolkersdorf
12%
7.611 Fohnsdorf
9%
7.869 Kalsdorf
9%
7.322 Pottendorf
9%
7.259 Hitzendorf
3%
Keine übereinstimmenden Quizze gefunden
Verteilung der Resultate
Anzahl Personen mit jedem Resultat
Perzentil nach korrekt beantworteten Fragen
Ihre Resultats-Entwicklung
Sie haben dieses Quiz noch nicht gespielt